00653nam a22002177a 4500003000500000005001700005008004100022010000900063011000900072035000900081040000900090100002100099245007600120260006400196300002100260490003000281500001100311650002900322710005400351830003000405CHAP20220329133310.0971013s1990 r 00010 d a4540 a5512 a4726 cCHAP00aQuinn, Ronald D. aHabitat preferences and distribution of mammals in California Chaparral aBerkeley, Cal. :bPacific Southwest Research Station,c1990 a11 p.b; gráfs aResearch paper PSWv; 202 a53-39014aMamíferosxCalifornia.0 aE.U.A. Department of Agriculture. Forest Service.0 aResearch paper PSWv; 202